000 00240 a2200109 4500
001 63103
082 _a516.33NAR
090 _c37270
_d37270
100 _aNarayan, Shanti
245 _aAnalytical solid geometry
260 _bS. Chand
_c1963
942 _aNUST-CAE
_k516.33NAR
999 _c298176
_d298176